000 00742nam a2200181Ia 4500
008 090630s9999 xx 000 0 und d
082 _b23076
100 _aवार्ष्णेय एस. के.
245 _aशहीद ए - आलम भगतसिंग.
_cवार्ष्णेय एस. के.
260 _bसन्मार्ग साहित्य परिषद - दिल्ली.
_c2002
300 _a128
600 _aवार्ष्णेय एस. के.
630 _aशहीद ए - आलम भगतसिंग.
655 _aहिंदी.
700 _aवार्ष्णेय एस. के.
730 _aशहीद ए - आलम भगतसिंग.
942 _cBOOK
999 _c274932
_d274932